Những điều cần biết về hình phạt tử hình (Sách tham khảo)

Trình bày khái niệm và lịch sử hình thành của hình phạt tử hình; tranh luận về hình phạt tử hình, tôn giáo và hình phạt tử hình, ; vấn đề hình phạt tử hình trong luật quốc tế; thực trạng và diễn biến về áp dụng hình phạt tử hình trên...

Cijeli opis

Spremljeno u:
Bibliografski detalji
Format: Knjiga
Jezik:Undetermined
Izdano: Hà Nội Chính trị Quốc gia 2009
Teme:
Oznake: Dodaj oznaku
Bez oznaka, Budi prvi tko označuje ovaj zapis!
Thư viện lưu trữ: Trung tâm Học liệu Trường Đại học Cần Thơ
LEADER 01124nam a2200205Ia 4500
001 CTU_153792
008 210402s9999 xx 000 0 und d
020 |c 46000 
082 |a 364.66 
082 |b Nh556 
245 0 |a Những điều cần biết về hình phạt tử hình 
245 0 |b (Sách tham khảo) 
245 0 |c Trung tâm Nghiên cứu Quyền con người - Quyền công dân (CRIGHTS) 
260 |a Hà Nội 
260 |b Chính trị Quốc gia 
260 |c 2009 
520 |a Trình bày khái niệm và lịch sử hình thành của hình phạt tử hình; tranh luận về hình phạt tử hình, tôn giáo và hình phạt tử hình, ; vấn đề hình phạt tử hình trong luật quốc tế; thực trạng và diễn biến về áp dụng hình phạt tử hình trên thế giới; hình phạt thay thế hình phạt tử hình... 
650 |a Criminal law,Criminology,Tội phạm học 
904 |i Nguyên 
980 |a Trung tâm Học liệu Trường Đại học Cần Thơ